[Event "World Chess Olympiad 2018"]
[Site "Batumi"]
[Date "2018.09.28"]
[Round "5"]
[Board "2"]
[WhiteFideId "4800249"]
[White "Noah A .H. Al-Ali"]
[BlackFideId "6201610"]
[Black "Kulpruethanon Thanadon"]
[Result "1/2-1/2"]
[LiveChessVersion "1.4.8"]
[BlackElo "2291"]
[WhiteElo "2276"]

1. e4 {[%clk 1:30:57]} c5 {[%clk 1:30:53]} 2. Bc4 {[%clk 1:30:51]} e6
{[%clk 1:30:57]} 3. Qe2 {[%clk 1:31:08]} d6 {[%clk 1:23:31]} 4. Nf3
{[%clk 1:19:58]} Nf6 {[%clk 1:19:58]} 5. Bb3 {[%clk 1:04:23]} Be7
{[%clk 1:18:53]} 6. c3 {[%clk 1:03:39]} O-O {[%clk 1:17:17]} 7. O-O
{[%clk 1:03:34]} b6 {[%clk 1:15:27]} 8. Rd1 {[%clk 0:52:34]} Ba6 {[%clk 1:14:38]}
9. d3 {[%clk 0:29:30]} Nc6 {[%clk 1:14:00]} 10. h3 {[%clk 0:29:59]} Qc7
{[%clk 1:11:37]} 11. Bf4 {[%clk 0:24:27]} Nd7 {[%clk 1:11:03]} 12. Nbd2
{[%clk 0:21:57]} Nde5 {[%clk 1:07:16]} 13. Ne1 {[%clk 0:22:25]} Rad8
{[%clk 0:54:59]} 14. Qe3 {[%clk 0:20:15]} Bf6 {[%clk 0:52:40]} 15. Rac1
{[%clk 0:13:09]} Qe7 {[%clk 0:49:15]} 16. Bh2 {[%clk 0:13:32]} d5
{[%clk 0:28:33]} 17. f4 {[%clk 0:13:57]} d4 {[%clk 0:28:28]} 18. Qf2
{[%clk 0:06:14]} dxc3 {[%clk 0:27:12]} 19. bxc3 {[%clk 0:06:03]} Nxd3
{[%clk 0:25:09]} 20. Nxd3 {[%clk 0:06:16]} Rxd3 {[%clk 0:25:09]} 21. e5
{[%clk 0:06:04]} Bh4 {[%clk 0:25:07]} 22. g3 {[%clk 0:06:26]} Nxe5
{[%clk 0:23:02]} 23. gxh4 {[%clk 0:04:33]} Ng6 {[%clk 0:08:32]} 24. Bg3
{[%clk 0:05:01]} Qf6 {[%clk 0:04:37]} 25. Bc2 {[%clk 0:05:30]} Rxg3+
{[%clk 0:04:16]} 26. Qxg3 {[%clk 0:05:49]} Nxf4 {[%clk 0:04:41]} 27. Ne4
{[%clk 0:03:57]} Ne2+ {[%clk 0:05:04]} 28. Kh2 {[%clk 0:04:00]} Qf5
{[%clk 0:04:16]} 29. Qg4 {[%clk 0:01:07]} Qe5+ {[%clk 0:04:30]} 30. Ng3
{[%clk 0:01:14]} Nxc1 {[%clk 0:04:00]} 31. Rxc1 {[%clk 0:01:36]} Bb7
{[%clk 0:03:54]} 32. Qg5 {[%clk 0:01:19]} f5 {[%clk 0:03:45]} 33. Rd1
{[%clk 0:01:09]} Qxc3 {[%clk 0:03:31]} 34. Bb3 {[%clk 0:00:52]} c4
{[%clk 0:02:47]} 35. Ba4 {[%clk 0:00:51]} Qf3 {[%clk 0:02:27]} 36. Qd2
{[%clk 0:00:47]} f4 {[%clk 0:02:08]} 37. Nh1 {[%clk 0:01:06]} Bd5
{[%clk 0:01:02]} 38. Rg1 {[%clk 0:00:42]} c3 {[%clk 0:00:37]} 39. Qd4
{[%clk 0:00:53]} g6 {[%clk 0:00:37]} 40. h5 {[%clk 0:30:36]} Qxh5
{[%clk 0:30:36]} 41. Bd1 {[%clk 0:29:08]} Qf5 {[%clk 0:20:35]} 42. Qxc3
{[%clk 0:28:59]} f3 {[%clk 0:17:53]} 43. Nf2 {[%clk 0:29:27]} Qf4+
{[%clk 0:17:59]} 44. Kh1 {[%clk 0:27:19]} Qh4 {[%clk 0:15:27]} 45. Qe3
{[%clk 0:22:26]} Bxa2 {[%clk 0:11:39]} 46. Rg4 {[%clk 0:21:30]} Qf6
{[%clk 0:10:47]} 47. Ra4 {[%clk 0:12:37]} Bd5 {[%clk 0:10:58]} 48. Rxa7
{[%clk 0:12:41]} Qh4 {[%clk 0:07:53]} 49. Kh2 {[%clk 0:05:36]} b5
{[%clk 0:07:45]} 50. Ng4 {[%clk 0:04:10]} f2 {[%clk 0:05:56]} 51. Nh6+
{[%clk 0:04:20]} Kh8 {[%clk 0:06:00]} 52. Nf7+ {[%clk 0:03:25]} Kg8
{[%clk 0:04:31]} 53. Nh6+ {[%clk 0:03:34]} Kh8 {[%clk 0:04:58]} 54. Nf7+
{[%clk 0:03:26]} Kg7 {[%clk 0:04:44]} 55. Nh6+ {[%clk 0:01:39]} Kf6
{[%clk 0:04:48]} 56. Be2 {[%clk 0:01:27]} Qe4 {[%clk 0:02:16]} 57. Ng4+
{[%clk 0:01:34]} Kf5 {[%clk 0:02:12]} 58. Qxf2+ {[%clk 0:00:40]} Qf4+
{[%clk 0:02:02]} 59. Qxf4+ {[%clk 0:00:49]} Kxf4 {[%clk 0:02:31]} 60. Bxb5
{[%clk 0:01:07]} h5 {[%clk 0:02:21]} 61. Ra4+ {[%clk 0:01:35]} Kg5
{[%clk 0:02:23]} 62. Ne3 {[%clk 0:01:21]} Rf2+ {[%clk 0:01:27]} 63. Kg1
{[%clk 0:01:47]} Rf4 {[%clk 0:01:07]} 64. Ra6 {[%clk 0:01:19]} Rb4
{[%clk 0:00:33]} 65. Bf1 {[%clk 0:01:14]} Rb3 {[%clk 0:00:34]} 66. Nxd5
{[%clk 0:00:33]} exd5 {[%clk 0:01:03]} 67. Rd6 {[%clk 0:00:39]} Kh4
{[%clk 0:00:51]} 68. Rxd5 {[%clk 0:00:31]} g5 {[%clk 0:00:59]} 69. Rd4+
{[%clk 0:00:40]} g4 {[%clk 0:01:09]} 70. hxg4 {[%clk 0:00:54]} hxg4
{[%clk 0:01:36]} 71. Be2 {[%clk 0:01:08]} Rg3+ {[%clk 0:00:56]} 72. Kf2
{[%clk 0:01:36]} Kh3 {[%clk 0:00:58]} 73. Rd8 {[%clk 0:01:12]} Rg2+
{[%clk 0:01:10]} 74. Ke3 {[%clk 0:00:45]} Kh4 {[%clk 0:00:48]} 75. Rg8
{[%clk 0:00:44]} Kh5 {[%clk 0:00:57]} 76. Bd1 {[%clk 0:00:37]} Kh4
{[%clk 0:01:38]} 77. Be2 {[%clk 0:00:57]} Kh5 {[%clk 0:02:04]} 78. Bd3
{[%clk 0:01:19]} Rg3+ {[%clk 0:02:01]} 79. Ke4 {[%clk 0:01:13]} Rg2
{[%clk 0:02:05]} 80. Ke5 {[%clk 0:01:05]} Kh4 {[%clk 0:01:15]} 81. Be4
{[%clk 0:00:56]} Rg1 {[%clk 0:01:18]} 82. Bf5 {[%clk 0:00:35]} Rg2
{[%clk 0:01:04]} 83. Kd4 {[%clk 0:00:39]} Kh5 {[%clk 0:00:51]} 84. Ke3
{[%clk 0:00:43]} Kh4 {[%clk 0:01:12]} 85. Be4 {[%clk 0:00:43]} Ra2
{[%clk 0:01:13]} 86. Bf5 {[%clk 0:00:34]} Rg2 {[%clk 0:01:38]} 87. Bd7
{[%clk 0:00:39]} Rg3+ {[%clk 0:01:10]} 88. Ke2 {[%clk 0:00:39]} Rg2+
{[%clk 0:01:24]} 89. Ke3 {[%clk 0:00:36]} Rg3+ {[%clk 0:01:51]} 90. Kf4
{[%clk 0:00:56]} Rf3+ {[%clk 0:02:17]} 91. Ke4 {[%clk 0:01:17]} Rg3
{[%clk 0:02:27]} 92. Rh8+ {[%clk 0:01:25]} Kg5 {[%clk 0:02:54]} 93. Bc6
{[%clk 0:01:36]} Rg1 {[%clk 0:02:54]} 94. Ke3 {[%clk 0:01:24]} Rg3+
{[%clk 0:03:03]} 95. Kf2 {[%clk 0:01:38]} Rc3 {[%clk 0:03:15]} 96. Ba4
{[%clk 0:01:39]} Rf3+ {[%clk 0:03:37]} 97. Kg2 {[%clk 0:01:52]} Rd3
{[%clk 0:03:40]} 98. Bb5 {[%clk 0:02:03]} Rd4 {[%clk 0:03:02]} 99. Kg3
{[%clk 0:01:48]} Rd6 {[%clk 0:00:35]} 100. Be2 {[%clk 0:01:49]} Rh6
{[%clk 0:00:39]} 101. Rg8+ {[%clk 0:01:44]} Rg6 {[%clk 0:00:57]} 102. Re8
{[%clk 0:01:52]} Rb6 {[%clk 0:00:40]} 103. Bd3 {[%clk 0:02:15]} Rb3
{[%clk 0:00:49]} 104. Rd8 {[%clk 0:02:19]} Ra3 {[%clk 0:00:57]} 105. Rd6
{[%clk 0:01:52]} Rb3 {[%clk 0:00:56]} 106. Rd5+ {[%clk 0:01:56]} Kf6
{[%clk 0:01:22]} 107. Kxg4 {[%clk 0:02:07]} Rb4+ {[%clk 0:01:42]} 108. Kf3
{[%clk 0:02:24]} Ra4 {[%clk 0:01:54]} 109. Rh5 {[%clk 0:01:22]} Ke6
{[%clk 0:01:51]} 110. Be4 {[%clk 0:01:24]} Ra1 {[%clk 0:01:54]} 111. Kf4
{[%clk 0:01:46]} Rf1+ {[%clk 0:02:11]} 112. Bf3 {[%clk 0:02:13]} Kd6
{[%clk 0:02:30]} 113. Rd5+ {[%clk 0:02:41]} Ke6 {[%clk 0:02:46]} 114. Rc5
{[%clk 0:01:14]} Kd6 {[%clk 0:02:35]} 115. Rc6+ {[%clk 0:01:28]} Kd7
{[%clk 0:03:02]} 116. Ra6 {[%clk 0:01:15]} Rf2 {[%clk 0:02:45]} 117. Ke3
{[%clk 0:01:26]} Rf1 {[%clk 0:03:02]} 118. Bd5 {[%clk 0:01:14]} Rd1
{[%clk 0:03:04]} 119. Ke4 {[%clk 0:01:40]} Re1+ {[%clk 0:03:14]} 120. Kd4
{[%clk 0:02:05]} Rd1+ {[%clk 0:03:11]} 121. Ke5 {[%clk 0:02:33]} Re1+
{[%clk 0:03:38]} 122. Be4 {[%clk 0:01:17]} Ke7 {[%clk 0:04:00]} 123. Ra7+
{[%clk 0:01:34]} Ke8 {[%clk 0:03:53]} 124. Kd5 {[%clk 0:01:19]} Kf8
{[%clk 0:04:12]} 125. Bf5 {[%clk 0:01:18]} Re7 {[%clk 0:04:35]} 126. Bd7
{[%clk 0:01:04]} Kf7 {[%clk 0:03:50]} 127. Kd6 {[%clk 0:01:04]} Kf6
{[%clk 0:03:57]} 128. Ra5 {[%clk 0:01:10]} Re1 {[%clk 0:04:01]} 129. Rf5+
{[%clk 0:01:20]} Kg6 {[%clk 0:04:21]} 130. Be6 {[%clk 0:01:36]} Ra1
{[%clk 0:04:02]} 131. Rf4 {[%clk 0:01:40]} Ra6+ {[%clk 0:04:15]} 132. Ke5
{[%clk 0:01:39]} Ra5+ {[%clk 0:04:30]} 133. Bd5 {[%clk 0:02:01]} Kg5
{[%clk 0:04:55]} 134. Rf5+ {[%clk 0:01:24]} Kg4 {[%clk 0:05:15]} 135. Rf7
{[%clk 0:01:19]} Kg5 {[%clk 0:05:28]} 136. Rg7+ {[%clk 0:01:36]} Kh5
{[%clk 0:05:49]} 137. Rg1 {[%clk 0:01:19]} Rb5 {[%clk 0:06:12]} 138. Ke4
{[%clk 0:01:16]} Kh6 {[%clk 0:06:30]} 139. Ke5 {[%clk 0:00:54]} Kh5
{[%clk 0:06:49]} 140. Kd4 {[%clk 0:00:58]} Kh4 {[%clk 0:06:35]} 141. Be4
{[%clk 0:01:28]} Rg5 {[%clk 0:06:34]} 142. Rh1+ {[%clk 0:01:45]} Kg3
{[%clk 0:03:51]} 143. Ke3 {[%clk 0:02:13]} Kg4 {[%clk 0:04:00]} 144. Rh8
{[%clk 0:01:38]} Re5 {[%clk 0:02:50]} 145. Rg8+ {[%clk 0:01:00]} Rg5
{[%clk 0:03:18]} 146. Re8 {[%clk 0:01:09]} Ra5 {[%clk 0:03:30]} 147. Bd3
{[%clk 0:01:22]} Kg5 {[%clk 0:03:20]} 148. Re6 {[%clk 0:01:50]} Ra3
{[%clk 0:02:26]} 149. Rg6+ {[%clk 0:01:57]} Kh5 {[%clk 0:02:45]} 150. Rg1
{[%clk 0:01:43]} Kh6 {[%clk 0:02:39]} 151. Rg3 {[%clk 0:02:04]} Ra4
{[%clk 0:02:36]} 152. Rg6+ {[%clk 0:02:16]} Kh5 {[%clk 0:02:59]} 153. Rg1
{[%clk 0:02:02]} Kh6 {[%clk 0:03:11]} 154. Be4 {[%clk 0:02:30]} Ra2
{[%clk 0:01:27]} 155. Kf4 {[%clk 0:02:50]} Rf2+ {[%clk 0:01:03]} 156. Ke5
{[%clk 0:03:19]} Ra2 {[%clk 0:00:55]} 157. Bf5 {[%clk 0:03:19]} Ra5+
{[%clk 0:00:41]} 158. Kf6 {[%clk 0:03:47]} Ra6+ {[%clk 0:00:52]} 159. Be6
{[%clk 0:04:16]} 1/2-1/2

[Event "World Chess Olympiad 2018"]
[Site "Batumi"]
[Date "2018.09.28"]
[Round "5"]
[Board "3"]
[WhiteFideId "6200184"]
[White "Saeheng Boonsueb"]
[BlackFideId "4801849"]
[Black "Abdulwahhab Ahmed Abdulsattar A"]
[Result "0-1"]
[LiveChessVersion "1.4.8"]
[BlackElo "2271"]
[WhiteElo "2163"]

1. d4 {[%clk 1:30:56]} Nf6 {[%clk 1:30:50]} 2. c4 {[%clk 1:31:20]} g6
{[%clk 1:31:09]} 3. Nc3 {[%clk 1:31:43]} Bg7 {[%clk 1:31:32]} 4. e4
{[%clk 1:32:01]} d6 {[%clk 1:31:51]} 5. Nf3 {[%clk 1:32:16]} O-O {[%clk 1:32:07]}
6. Be2 {[%clk 1:32:26]} Bg4 {[%clk 1:32:13]} 7. Be3 {[%clk 1:29:11]} Nfd7
{[%clk 1:32:22]} 8. O-O {[%clk 1:24:11]} e5 {[%clk 1:30:38]} 9. dxe5
{[%clk 1:07:44]} dxe5 {[%clk 1:27:32]} 10. Qb3 {[%clk 1:04:15]} Bxf3
{[%clk 1:23:27]} 11. Bxf3 {[%clk 1:04:18]} Nc6 {[%clk 1:23:38]} 12. Qxb7
{[%clk 0:50:18]} Nd4 {[%clk 1:21:46]} 13. Bd1 {[%clk 0:49:46]} Rb8
{[%clk 1:10:54]} 14. Qxa7 {[%clk 0:49:10]} Rxb2 {[%clk 1:09:29]} 15. Qa3
{[%clk 0:38:09]} Rb8 {[%clk 1:07:25]} 16. Qc1 {[%clk 0:31:17]} Nc5
{[%clk 1:06:51]} 17. Rb1 {[%clk 0:20:37]} c6 {[%clk 1:02:25]} 18. Rxb8
{[%clk 0:19:57]} Qxb8 {[%clk 1:02:45]} 19. Qa3 {[%clk 0:20:05]} Nce6
{[%clk 1:00:19]} 20. Bb3 {[%clk 0:17:15]} Re8 {[%clk 0:58:56]} 21. Rb1
{[%clk 0:16:52]} Bf8 {[%clk 0:58:58]} 22. Qc1 {[%clk 0:17:09]} Qa7
{[%clk 0:55:57]} 23. Qf1 {[%clk 0:15:40]} Qa5 {[%clk 0:53:35]} 24. Na4
{[%clk 0:15:04]} Ra8 {[%clk 0:50:34]} 25. Qd1 {[%clk 0:09:11]} Rd8
{[%clk 0:48:14]} 26. Qf1 {[%clk 0:07:54]} Kg7 {[%clk 0:45:40]} 27. Kh1
{[%clk 0:06:47]} Be7 {[%clk 0:45:06]} 28. f3 {[%clk 0:06:29]} Bg5
{[%clk 0:42:28]} 29. Bf2 {[%clk 0:05:30]} h5 {[%clk 0:42:25]} 30. Bd1
{[%clk 0:03:38]} h4 {[%clk 0:40:12]} 31. Qe1 {[%clk 0:03:34]} Bd2
{[%clk 0:39:53]} 32. Qf1 {[%clk 0:01:37]} g5 {[%clk 0:39:56]} 33. c5
{[%clk 0:01:01]} Bb4 {[%clk 0:34:49]} 34. Qc4 {[%clk 0:00:42]} Bxc5
{[%clk 0:34:52]} 35. Nxc5 {[%clk 0:00:53]} Nxc5 {[%clk 0:34:46]} 36. Qf1
{[%clk 0:00:35]} Qxa2 {[%clk 0:34:20]} 37. Rc1 {[%clk 0:00:54]} Nce6
{[%clk 0:33:39]} 38. Rc3 {[%clk 0:00:35]} Rb8 {[%clk 0:33:16]} 39. Be3
{[%clk 0:00:39]} Rb1 {[%clk 0:32:15]} 40. Rc1 {[%clk 0:30:32]} Rb2
{[%clk 0:59:38]} 41. h3 {[%clk 0:27:48]} Nf4 {[%clk 0:53:39]} 42. Bxf4
{[%clk 0:27:14]} gxf4 {[%clk 0:53:52]} 43. Kh2 {[%clk 0:25:52]} Rf2
{[%clk 0:49:10]} 0-1

[Event "World Chess Olympiad 2018"]
[Site "Batumi"]
[Date "2018.09.28"]
[Round "5"]
[Board "4"]
[WhiteFideId "4801695"]
[White "Muhseen ABdullah Mohammed"]
[BlackFideId "6202268"]
[Black "Pheephacharakan Pinatpong"]
[Result "1-0"]
[LiveChessVersion "1.4.8"]
[BlackElo "1836"]
[WhiteElo "2220"]

1. d4 {[%clk 1:30:56]} Nf6 {[%clk 1:30:49]} 2. Nf3 {[%clk 1:31:20]} e6
{[%clk 1:31:13]} 3. g3 {[%clk 1:29:14]} b6 {[%clk 1:31:22]} 4. Bg2
{[%clk 1:29:25]} Bb7 {[%clk 1:31:46]} 5. O-O {[%clk 1:29:44]} Be7
{[%clk 1:31:56]} 6. Re1 {[%clk 1:29:27]} O-O {[%clk 1:32:04]} 7. c4
{[%clk 1:26:04]} c5 {[%clk 1:24:54]} 8. d5 {[%clk 1:25:26]} d6 {[%clk 1:07:46]}
9. dxe6 {[%clk 1:23:33]} fxe6 {[%clk 1:05:49]} 10. Bh3 {[%clk 1:23:57]} e5
{[%clk 0:49:20]} 11. Ng5 {[%clk 1:23:03]} Na6 {[%clk 0:47:42]} 12. Be6+
{[%clk 1:20:11]} Kh8 {[%clk 0:48:06]} 13. Nf7+ {[%clk 1:20:33]} Rxf7
{[%clk 0:48:32]} 14. Bxf7 {[%clk 1:20:57]} Qf8 {[%clk 0:30:12]} 15. Bd5
{[%clk 1:14:32]} Nxd5 {[%clk 0:28:43]} 16. cxd5 {[%clk 1:14:54]} Qf7
{[%clk 0:27:22]} 17. e4 {[%clk 1:12:01]} g5 {[%clk 0:24:23]} 18. Be3
{[%clk 1:08:00]} Rf8 {[%clk 0:23:15]} 19. Nd2 {[%clk 1:07:46]} Bc8
{[%clk 0:15:42]} 20. Kg2 {[%clk 1:06:57]} Nb4 {[%clk 0:08:38]} 21. f3
{[%clk 0:52:51]} Ba6 {[%clk 0:05:43]} 22. Bg1 {[%clk 0:47:06]} Bd3
{[%clk 0:03:22]} 23. Re3 {[%clk 0:46:25]} c4 {[%clk 0:03:38]} 24. Rc1
{[%clk 0:42:14]} b5 {[%clk 0:03:27]} 25. a3 {[%clk 0:42:13]} Na6 {[%clk 0:03:10]}
26. b3 {[%clk 0:42:36]} g4 {[%clk 0:02:16]} 27. bxc4 {[%clk 0:41:09]} bxc4
{[%clk 0:02:27]} 28. Nxc4 {[%clk 0:40:30]} gxf3+ {[%clk 0:02:18]} 29. Kf2
{[%clk 0:40:52]} Be2 {[%clk 0:01:32]} 30. Qa4 {[%clk 0:38:57]} Nc5
{[%clk 0:01:03]} 31. Qxa7 {[%clk 0:37:11]} Nd3+ {[%clk 0:00:46]} 32. Rxd3
{[%clk 0:37:32]} Bxd3 {[%clk 0:01:10]} 33. Qe3 {[%clk 0:31:11]} Be2
{[%clk 0:01:32]} 34. Qh6 {[%clk 0:29:26]} Bd8 {[%clk 0:00:51]} 35. Qxd6
{[%clk 0:26:20]} Qa7+ {[%clk 0:00:33]} 36. Ne3 {[%clk 0:26:24]} Kg8
{[%clk 0:00:34]} 37. Rc8 {[%clk 0:25:18]} Be7 {[%clk 0:00:34]} 38. Qe6+
{[%clk 0:25:25]} Kh8 {[%clk 0:00:59]} 39. Qxe5+ {[%clk 0:25:45]} Kg8
{[%clk 0:01:23]} 40. Rc7 {[%clk 0:55:57]} 1-0

[Event "World Chess Olympiad 2018"]
[Site "Batumi"]
[Date "2018.09.28"]
[Round "5"]
[Board "1"]
[WhiteFideId "14001101"]
[White "Atabayev Maksat"]
[BlackFideId "405817"]
[Black "Greet Andrew N"]
[Result "1-0"]
[LiveChessVersion "1.4.8"]
[BlackElo "2441"]
[WhiteElo "2505"]

1. Nf3 {[%clk 1:30:54]} Nf6 {[%clk 1:30:16]} 2. g3 {[%clk 1:31:20]} d5
{[%clk 1:30:24]} 3. Bg2 {[%clk 1:31:14]} e6 {[%clk 1:29:42]} 4. O-O
{[%clk 1:31:18]} c5 {[%clk 1:29:32]} 5. c4 {[%clk 1:30:27]} dxc4 {[%clk 1:29:32]}
6. Na3 {[%clk 1:30:18]} Nc6 {[%clk 1:29:28]} 7. Nxc4 {[%clk 1:30:40]} Be7
{[%clk 1:29:52]} 8. b3 {[%clk 1:29:50]} O-O {[%clk 1:30:10]} 9. Bb2
{[%clk 1:30:10]} Qc7 {[%clk 1:30:19]} 10. Rc1 {[%clk 1:25:37]} Rd8
{[%clk 1:26:35]} 11. Qc2 {[%clk 1:25:06]} Bd7 {[%clk 1:09:46]} 12. Qb1
{[%clk 1:24:08]} Be8 {[%clk 1:08:16]} 13. Qa1 {[%clk 1:16:13]} Rac8
{[%clk 0:56:41]} 14. d4 {[%clk 1:14:45]} b5 {[%clk 0:52:29]} 15. Nce5
{[%clk 1:01:24]} Nxe5 {[%clk 0:52:17]} 16. Nxe5 {[%clk 1:01:43]} Qb6
{[%clk 0:51:30]} 17. dxc5 {[%clk 1:01:13]} Rxc5 {[%clk 0:51:31]} 18. Nd3
{[%clk 1:01:26]} Rcc8 {[%clk 0:47:36]} 19. Rxc8 {[%clk 1:00:39]} Rxc8
{[%clk 0:47:58]} 20. Rc1 {[%clk 1:00:47]} Qd8 {[%clk 0:30:02]} 21. b4
{[%clk 0:58:56]} Rxc1+ {[%clk 0:27:39]} 22. Qxc1 {[%clk 0:59:24]} a5
{[%clk 0:27:01]} 23. a3 {[%clk 0:58:15]} axb4 {[%clk 0:23:26]} 24. Nxb4
{[%clk 0:58:35]} Bf8 {[%clk 0:19:56]} 25. Bf3 {[%clk 0:56:22]} Qd6
{[%clk 0:15:21]} 26. e3 {[%clk 0:45:05]} Bd7 {[%clk 0:12:18]} 27. Qa1
{[%clk 0:41:48]} Be7 {[%clk 0:11:15]} 28. Be5 {[%clk 0:40:40]} Qc5
{[%clk 0:11:22]} 29. Bd4 {[%clk 0:41:05]} Qc4 {[%clk 0:09:28]} 30. Qb2
{[%clk 0:41:21]} Ne8 {[%clk 0:06:21]} 31. Be2 {[%clk 0:41:28]} Qc8
{[%clk 0:06:02]} 32. e4 {[%clk 0:41:22]} Bc5 {[%clk 0:04:46]} 33. Nd3
{[%clk 0:39:56]} Bxd4 {[%clk 0:03:59]} 34. Qxd4 {[%clk 0:40:20]} Nf6
{[%clk 0:03:56]} 35. f3 {[%clk 0:39:03]} Be8 {[%clk 0:03:41]} 36. Kf2
{[%clk 0:36:48]} Qb8 {[%clk 0:01:41]} 37. Nc5 {[%clk 0:30:50]} h6
{[%clk 0:01:24]} 38. Kf1 {[%clk 0:25:30]} Qb6 {[%clk 0:01:34]} 39. Qb4
{[%clk 0:25:37]} Qc6 {[%clk 0:01:24]} 40. Nb3 {[%clk 0:54:25]} e5
{[%clk 0:30:58]} 41. Qc5 {[%clk 0:52:04]} Qe6 {[%clk 0:26:12]} 42. Nc1
{[%clk 0:52:09]} h5 {[%clk 0:25:40]} 43. Nd3 {[%clk 0:51:25]} Qa2
{[%clk 0:22:03]} 44. Nxe5 {[%clk 0:50:09]} Nd7 {[%clk 0:18:56]} 45. Nxd7
{[%clk 0:47:55]} Bxd7 {[%clk 0:19:12]} 46. h4 {[%clk 0:45:39]} Qb1+
{[%clk 0:16:52]} 47. Kf2 {[%clk 0:43:23]} g6 {[%clk 0:15:36]} 48. Qd6
{[%clk 0:41:28]} Be6 {[%clk 0:15:08]} 49. Qb8+ {[%clk 0:41:30]} Kh7
{[%clk 0:15:29]} 50. Qxb5 {[%clk 0:41:56]} Qh1 {[%clk 0:15:13]} 51. Bf1
{[%clk 0:41:03]} Bh3 {[%clk 0:15:29]} 52. Bxh3 {[%clk 0:40:46]} Qxh3
{[%clk 0:15:53]} 53. Qf1 {[%clk 0:39:08]} Qe6 {[%clk 0:16:02]} 54. Qb1
{[%clk 0:37:02]} Qh3 {[%clk 0:15:30]} 55. f4 {[%clk 0:33:16]} Qh2+
{[%clk 0:11:31]} 56. Kf3 {[%clk 0:33:40]} Qd2 {[%clk 0:11:44]} 57. Qb3
{[%clk 0:33:58]} Kg8 {[%clk 0:11:18]} 58. a4 {[%clk 0:29:22]} Qe1
{[%clk 0:11:28]} 59. e5 {[%clk 0:29:25]} Kg7 {[%clk 0:11:00]} 60. Qa3
{[%clk 0:28:15]} Qa5 {[%clk 0:08:31]} 61. Ke2 {[%clk 0:24:30]} Kg8
{[%clk 0:06:46]} 62. Qb3 {[%clk 0:24:10]} Qa8 {[%clk 0:06:35]} 63. Kd3
{[%clk 0:24:22]} Kg7 {[%clk 0:06:34]} 64. Kc3 {[%clk 0:23:18]} Qa7
{[%clk 0:06:17]} 65. Qc4 {[%clk 0:20:54]} Qe3+ {[%clk 0:06:02]} 66. Qd3
{[%clk 0:18:47]} Qc5+ {[%clk 0:06:22]} 67. Kb3 {[%clk 0:19:03]} Qb6+
{[%clk 0:06:31]} 68. Ka2 {[%clk 0:05:53]} Qf2+ {[%clk 0:06:40]} 69. Kb1
{[%clk 0:06:18]} Qg1+ {[%clk 0:06:51]} 70. Kc2 {[%clk 0:06:21]} Qf2+
{[%clk 0:07:11]} 71. Kc3 {[%clk 0:06:49]} Qc5+ {[%clk 0:07:19]} 72. Qc4
{[%clk 0:07:14]} Qe3+ {[%clk 0:07:35]} 73. Kb4 {[%clk 0:07:41]} Qxg3
{[%clk 0:07:31]} 74. e6 {[%clk 0:07:57]} Qxh4 {[%clk 0:07:09]} 75. Qc7
{[%clk 0:08:06]} Kh6 {[%clk 0:05:11]} 76. e7 {[%clk 0:06:59]} Qe1+
{[%clk 0:05:22]} 77. Kb5 {[%clk 0:07:20]} Qe2+ {[%clk 0:04:41]} 78. Kb6
{[%clk 0:07:10]} Qe6+ {[%clk 0:04:30]} 79. Ka7 {[%clk 0:02:08]} Qe3+
{[%clk 0:04:44]} 80. Ka6 {[%clk 0:02:04]} Qe6+ {[%clk 0:04:55]} 81. Ka7
{[%clk 0:01:02]} Qe3+ {[%clk 0:05:20]} 82. Ka6 {[%clk 0:00:56]} Qe6+
{[%clk 0:05:41]} 83. Kb5 {[%clk 0:01:25]} Qe2+ {[%clk 0:05:41]} 84. Kb4
{[%clk 0:01:46]} Qe4+ {[%clk 0:05:00]} 85. Kc5 {[%clk 0:01:57]} Qxa4
{[%clk 0:03:59]} 86. Qe5 {[%clk 0:01:34]} Qa5+ {[%clk 0:03:32]} 87. Kc6
{[%clk 0:01:45]} Qa4+ {[%clk 0:02:00]} 88. Kb6 {[%clk 0:02:01]} Qb4+
{[%clk 0:01:48]} 89. Kc7 {[%clk 0:02:22]} Qc4+ {[%clk 0:01:32]} 90. Kd8
{[%clk 0:02:46]} Qd3+ {[%clk 0:01:11]} 91. Ke8 {[%clk 0:03:08]} f6
{[%clk 0:00:35]} 92. Qxf6 {[%clk 0:03:18]} Qb5+ {[%clk 0:00:37]} 93. Kf8
{[%clk 0:03:37]} 1-0

[Event "World Chess Olympiad 2018"]
[Site "Batumi"]
[Date "2018.09.28"]
[Round "5"]
[Board "2"]
[WhiteFideId "2401878"]
[White "Tate Alan"]
[BlackFideId "14000571"]
[Black "Atabayev Saparmyrat"]
[Result "1/2-1/2"]
[LiveChessVersion "1.4.8"]
[BlackElo "2443"]
[WhiteElo "2345"]

1. Nf3 {[%clk 1:30:51]} Nf6 {[%clk 1:30:57]} 2. g3 {[%clk 1:29:48]} d5
{[%clk 1:30:47]} 3. Bg2 {[%clk 1:29:30]} Bf5 {[%clk 1:30:26]} 4. O-O
{[%clk 1:28:56]} e6 {[%clk 1:30:43]} 5. c4 {[%clk 1:28:59]} Nbd7 {[%clk 1:30:37]}
6. Nc3 {[%clk 1:13:10]} c6 {[%clk 1:30:51]} 7. cxd5 {[%clk 1:12:00]} exd5
{[%clk 1:30:27]} 8. d3 {[%clk 1:08:00]} Be7 {[%clk 1:30:30]} 9. Re1
{[%clk 1:04:12]} Bg6 {[%clk 1:27:16]} 10. Nh4 {[%clk 1:03:10]} d4
{[%clk 1:17:06]} 11. Nxg6 {[%clk 1:01:46]} hxg6 {[%clk 1:17:34]} 12. Ne4
{[%clk 1:00:11]} Nxe4 {[%clk 1:13:24]} 13. dxe4 {[%clk 0:53:32]} Nc5
{[%clk 1:13:02]} 14. b4 {[%clk 0:44:24]} Ne6 {[%clk 1:13:05]} 15. Rb1
{[%clk 0:42:46]} Qd7 {[%clk 1:06:23]} 16. e5 {[%clk 0:32:46]} a5 {[%clk 1:02:51]}
17. Qa4 {[%clk 0:28:07]} b5 {[%clk 0:48:28]} 18. Qc2 {[%clk 0:28:34]} Ra6
{[%clk 0:48:25]} 19. bxa5 {[%clk 0:25:57]} c5 {[%clk 0:46:20]} 20. Bd2
{[%clk 0:24:33]} O-O {[%clk 0:46:10]} 21. a3 {[%clk 0:21:23]} Rc8
{[%clk 0:38:47]} 22. Qe4 {[%clk 0:20:11]} Rb8 {[%clk 0:36:51]} 23. Rec1
{[%clk 0:16:09]} b4 {[%clk 0:30:08]} 24. axb4 {[%clk 0:14:14]} cxb4
{[%clk 0:30:37]} 25. Ra1 {[%clk 0:02:36]} Qb5 {[%clk 0:22:40]} 26. Qd5
{[%clk 0:02:02]} Nc5 {[%clk 0:18:04]} 27. Rab1 {[%clk 0:00:44]} Ne6
{[%clk 0:11:30]} 28. Rc8+ {[%clk 0:01:00]} Kh7 {[%clk 0:11:38]} 29. Rxb8
{[%clk 0:00:48]} Qxb8 {[%clk 0:12:06]} 30. h4 {[%clk 0:00:34]} Qc7
{[%clk 0:10:01]} 31. Be4 {[%clk 0:00:33]} Rxa5 {[%clk 0:09:50]} 32. Qb7
{[%clk 0:00:33]} Qxb7 {[%clk 0:09:39]} 33. Bxb7 {[%clk 0:01:00]} Rxe5
{[%clk 0:09:44]} 34. Ba6 {[%clk 0:00:38]} Ra5 {[%clk 0:08:29]} 35. Bc4
{[%clk 0:01:07]} Ra7 {[%clk 0:08:15]} 36. Kf1 {[%clk 0:00:39]} Rc7
{[%clk 0:08:36]} 37. Bd5 {[%clk 0:00:34]} Rd7 {[%clk 0:08:56]} 38. Bf3
{[%clk 0:00:36]} Rd8 {[%clk 0:09:13]} 39. Ke1 {[%clk 0:00:33]} d3
{[%clk 0:06:09]} 40. e3 {[%clk 0:30:54]} Nc7 {[%clk 0:32:40]} 41. Rb3
{[%clk 0:21:00]} f5 {[%clk 0:29:51]} 42. Kd1 {[%clk 0:12:22]} Ne6
{[%clk 0:27:46]} 43. Bxb4 {[%clk 0:10:33]} Bf6 {[%clk 0:20:01]} 44. Ba5
{[%clk 0:07:45]} Rd7 {[%clk 0:19:29]} 45. Rb7 {[%clk 0:06:26]} Rxb7
{[%clk 0:18:42]} 46. Bxb7 {[%clk 0:06:54]} Nc5 {[%clk 0:18:47]} 47. Bd5
{[%clk 0:04:42]} Ne4 {[%clk 0:17:27]} 48. Ke1 {[%clk 0:05:11]} g5
{[%clk 0:13:13]} 49. hxg5 {[%clk 0:05:06]} Bxg5 {[%clk 0:12:08]} 50. Bc4
{[%clk 0:04:26]} d2+ {[%clk 0:12:06]} 51. Bxd2 {[%clk 0:04:33]} Nxd2
{[%clk 0:12:32]} 52. Kxd2 {[%clk 0:04:59]} Bd8 {[%clk 0:12:43]} 53. Bd3
{[%clk 0:04:01]} g6 {[%clk 0:13:05]} 54. e4 {[%clk 0:04:17]} 1/2-1/2